Histoire du drapeau de la Barbade - Statistiques

Statistiques générales
  • Ce quiz a été pris 30 fois
  • Le résultat moyen est 4 sur 5
Statistiques - réponses
Hint Réponse % Correct
Barbade (drapeau actuel depuis 1966)
96%
Fédération des Indes occidentales (1958-1962)
79%
Deuxième drapeau de la colonie britannique de la Barbade (1801-1885)
75%
Troisième drapeau de la colonie britannique de la Barbade (1885-1958) et quatrième drapeau de la colonie britannique de la Barbade (1962-1966)
75%
Premier drapeau de la colonie britannique de la Barbade (1632-1801)
46%
Aucun quiz correspondant
Distribution des résultats
% des personnes avec chaque résultat
Percentile par nombre de réponses
Votre historique - résultats
Vous n’avez pas pris ce quiz